| 000 | 02034cam a22004814i 4500 | ||
|---|---|---|---|
| 003 | PE-LiUPU | ||
| 005 | 20250731173110.0 | ||
| 008 | 181213s2017 nyu r 001 0 eng | ||
| 020 | _a0190649666 | ||
| 020 | _a9780190649661 | ||
| 035 | _a(Sirsi) a251066 | ||
| 082 | 0 | 4 |
_a201.76332 _bV73 _223 |
| 245 | 1 | 0 |
_aViolence and the world's religious traditions : _ban introduction / _cedited by Mark Juergensmeyer, Margo Kitts, and Michael Jerryson. |
| 264 | 1 |
_aNew York : _bOxford University Press, _c2017. |
|
| 300 |
_avi, 243 páginas ; _c24 centímetros |
||
| 336 |
_atext _2rdacontent |
||
| 337 |
_aunmediated _2rdamedia |
||
| 338 |
_avolume _2rdacarrier |
||
| 504 | _aÍndice: páginas 231-243. | ||
| 505 | 0 | _aThe enduring relationship of religion and violence -- Violence and nonviolence at the heart of Hindu ethics -- Buddhist traditions and violence -- Sikh traditions and violence -- Religion and violence in the Jewish tradition -- Religion and violence in Christian traditions -- Muslim engagement with injustice and violence -- African traditional religion and violence Religion and violence in Pacific Island societies -- Violence in Chinese religious traditions. | |
| 526 | _aSEG42 | ||
| 526 | _aSEG41 | ||
| 526 | _aSEG40 | ||
| 526 | _aSEG39 | ||
| 526 | _aP94 | ||
| 526 | _aP87 | ||
| 526 | _aP86 | ||
| 526 | _aP85 | ||
| 526 | _aP77 | ||
| 526 | _aP76 | ||
| 526 | _aP35 | ||
| 650 | 0 |
_aViolencia _xaspecto religioso. |
|
| 650 | 4 | _aFanatismo. | |
| 700 | 1 |
_aJerryson, Michael K., _d1974-, _eeditor. |
|
| 700 | 1 |
_aJuergensmeyer, Mark., _eeditor. |
|
| 700 | 1 |
_aKitts, Margo, _d1952-, _eeditor. |
|
| 910 |
_adbm _brri _crri _d20181213 |
||
| 942 |
_2ddc _cBOOK |
||
| 994 |
_aC0 _bPEPRU |
||
| 596 | _a1 | ||
| 999 |
_a201.76332 V73 _wDEWEY _c30516 _i79360 _f2021-11-9 _g4 _lCCODEBUL1 _mBUL _p16.07 _r0 _sY _tBOOK _u2018-12-14 _xTEOLOGIA _PP87 _0COMPRA _1FCOMPR2 _o.STAFF. Colección Teología _d30516 |
||
| 980 |
_81 _gALBERTO SANCHEZ Responsable de Automatización |
||